Biologie - les virus - Statistiques

Statistiques générales
  • Ce quiz a été pris 221 fois
  • Le résultat moyen est 7 sur 15
Statistiques - réponses
Question Réponse % Correct
Les capsomères peuvent avoir différentes structures : Vrai
87%
Les virus sont pas des êtres vivants car ils : ne peuvent pas se reproduire seul
82%
Les enveloppes virales aident à infecter les hôtes : Vrai
74%
un phage virulant est un phage se reproduisant uniquement par lytic cycle
45%
Pour un lysogenic cycle : La molécule d'ADN/ARN virale est incorporée dans le chromosome de la cellule hôte
42%
capsides = enveloppe protéique entourant le genome viral
39%
Les rétrovirus utilisent la transcriptase pour copier leur ARN/ADN
39%
Les bactéries se défendent contre les phages grâce à : des enzymes cellulaires appelées restriction enzyme
36%
La/les variable(s) clé(s) pour classer les virus sont : le génome d'ARN ou d'ADN en double ou simple brin et la présence/absence d'une enveloppe membraneuse
36%
Lors d'une épidémie, les facteurs ayant influencé l'émergence du virus responsable de cette épidémie sont : les animaux, le changement comportemental de l'hôte et une mutation d'un virus "parent"
34%
Les prisons sont des protéines infectieuses
33%
CRISPR-Cas System : protège les archées et les bactéries
33%
les virus ont évolué sous forme : de morceaux d'acide nucléique cellulaire
30%
Durant le CRIPSR-Cas System : l'ADN du phage est coupé et détruit
30%
Chez les plantes, la transmission horizontale : pénètre à travers les parois cellulaires endommagées
16%
Aucun quiz correspondant
Distribution des résultats
% des personnes avec chaque résultat
Percentile par nombre de réponses
Votre historique - résultats
Vous n’avez pas pris ce quiz